Dances - Sudden Death - Statistics

General Stats
  • This quiz has been taken 1,483 times
  • The average score is 10 of 23
Answers on the Grid
Answers color-coded by a green-red scale on the quiz's grid according to % correct below.
Samba
Fado
Lindy Hop
Chanson
Tango
Waltz
Ranchera
Ballet
Afroswing
Boogie-woogie
G-funk
Hopak
Chicago blues
Bhangra
Lezginka
Ska
Rhumba
Dreampunk
Sirtaki
Conga
Miami bass
Foxtrot
Polka
Dohori
Cha-cha-cha
Raï
Yablochko
Salsa
Lambada
Brooklyn drill
Halay
Harlem Shake
Bachata
Fandango
Mugham
Dabke
 
Answer Stats
Answer % Correct
Samba
89%
Tango
88%
Ballet
80%
Waltz
80%
Salsa
69%
Cha-cha-cha
64%
Foxtrot
57%
Rhumba
57%
Polka
54%
Conga
50%
Boogie-woogie
45%
Harlem Shake
44%
Lindy Hop
40%
Lambada
34%
Fandango
30%
Bachata
29%
Bhangra
15%
Sirtaki
11%
Dabke
8%
Hopak
4%
Lezginka
3%
Yablochko
3%
Halay
2%
No matching quizzes found
Score Distribution
Percent of People with Each Score
Percentile by Number Answered
Your Score History
You have not taken this quiz